Tính toán và thiết kế chi tiết, cơ cấu chính xác : (Cơ khí chính xác) /
Các yếu tố đàn hồi của dụng cụ và thiết bị chính xác. Ổ tựa và sóng trượt. Truyền động bánh răng. Truyền động ren vít. Cơ cấu đòn - bản lề. Cơ cấu chuyển động ngắt quãng. Bộ phận điều chỉnh vận tốc. Bộ phận làm giảm dao động (bộ phận giảm chấn). Cơ cấu đọc số....
Bewaard in:
| Hoofdauteur: | |
|---|---|
| Formaat: | Boek |
| Taal: | Vietnamese |
| Gepubliceerd in: |
Hà Nội :
Khoa học và kỹ thuật,
1993.
|
| Onderwerpen: | |
| Tags: |
Voeg label toe
Geen labels, Wees de eerste die dit record labelt!
|
| Thư viện lưu trữ: | Mạng thư viện Đại học Đà Nẵng |
|---|
| LEADER | 01572cam a2200373 a 4500 | ||
|---|---|---|---|
| 001 | 000043710 | ||
| 003 | 1753 | ||
| 005 | 20060426141211.0 | ||
| 008 | 010217b1993 vm 000 vie | ||
| 040 | |a LRC |c LRC |d LRC | ||
| 041 | 0 | |a vie | |
| 082 | 1 | 4 | |a 681 |b NG-Q |
| 100 | 1 | |a Ngô Xuân Quảng, |c PTS. | |
| 245 | 1 | 0 | |a Tính toán và thiết kế chi tiết, cơ cấu chính xác : |b (Cơ khí chính xác) / |c Ngô Xuân Quảng. |
| 260 | |a Hà Nội : |b Khoa học và kỹ thuật, |c 1993. | ||
| 300 | |a 212 tr. : |b mh. ; |c 20,5 cm. | ||
| 520 | 3 | |a Các yếu tố đàn hồi của dụng cụ và thiết bị chính xác. Ổ tựa và sóng trượt. Truyền động bánh răng. Truyền động ren vít. Cơ cấu đòn - bản lề. Cơ cấu chuyển động ngắt quãng. Bộ phận điều chỉnh vận tốc. Bộ phận làm giảm dao động (bộ phận giảm chấn). Cơ cấu đọc số. | |
| 630 | 0 | 4 | |a Cơ khí. |
| 630 | 0 | 4 | |a Dụng cụ. |
| 630 | 0 | 4 | |a Thiết bị. |
| 650 | 0 | 4 | |a Dụng cụ |x Chính xác. |
| 650 | 0 | 4 | |a Thiết bị |x Chính xác. |
| OWN | |a DUT | ||
| AVA | |a UDN50 |b DUT |c Book |d 681 NG-Q |e available |t Error 5001 Not defined in file expand_doc_bib_avail. |f 3 |g 0 |h N |i 1 |j SH |k 1 | ||
| 999 | |a From the UDN01 | ||
| AVA | |a UDN50 |b DUT |c Book |d 681 NG-Q |e available |t Error 5001 Not defined in file expand_doc_bib_avail. |f 3 |g 0 |h N |i 1 |j SH |k 1 | ||
| TYP | |a Monograph | ||
| TYP | |a Printed language | ||
| 980 | |a Mạng thư viện Đại học Đà Nẵng | ||